Statistics for Tarot Cards

Click here to take the quiz!

General Stats

  • This quiz has been taken 1,496 times
  • The average score is 14 of 22

Answer Stats

HintAnswer% Correct
13Death
82%
0The Fool
79%
18The Moon
79%
19The Sun
79%
17The Star
73%
16The Tower
71%
6The Lovers
68%
4The Emperor
67%
3The Empress
67%
5The Hierophant
64%
21The World
64%
1The Magician
63%
15The Devil
60%
2The High Priestess
59%
12The Hanged Man
58%
7The Chariot
57%
9The Hermit
55%
10Wheel of Fortune
52%
8Justice
45%
20Judgement
44%
11Strength
44%
14Temperance
42%

Score Distribution

Percentile by Number Answered

Percent of People with Each Score

Your Score History

You have not taken this quiz